[Event "13th Khazar International Open Chess Tournament - "]
[Site "Rasht, Iran"]
[Date "2015.02.11"]
[Round "1"]
[Board "10"]
[White "Sobhani, Farshid"]
[Black "Mahjoob, Morteza"]
[Result "0-1"]
[WhiteElo "2136"]
[BlackElo "2392"]
[PlyCount "0"]
[EventDate "2015.02.11"]
[EventRounds "9"]
[EventCountry "IRI"]

1. e4 {[%clk 1:30:52]} c5 {[%clk 1:30:55]} 2. Nf3 {[%clk 1:31:13]} d6
{[%clk 1:30:23]} 3. d4 {[%clk 1:31:41]} cxd4 {[%clk 1:30:49]} 4. Qxd4
{[%clk 1:31:58]} Nc6 {[%clk 1:30:48]} 5. Bb5 {[%clk 1:32:21]} Bd7
{[%clk 1:31:13]} 6. Bxc6 {[%clk 1:32:36]} bxc6 {[%clk 1:30:33]} 7. c4
{[%clk 1:30:34]} e5 {[%clk 1:10:31]} 8. Qd3 {[%clk 1:31:02]} Nf6 {[%clk 1:10:37]}
9. Nc3 {[%clk 1:29:33]} h6 {[%clk 1:05:59]} 10. O-O {[%clk 1:28:50]} Be7
{[%clk 1:02:20]} 11. c5 {[%clk 1:26:00]} Bg4 {[%clk 0:59:28]} 12. cxd6
{[%clk 1:25:51]} Qxd6 {[%clk 0:59:39]} 13. Qxd6 {[%clk 1:17:39]} Bxd6
{[%clk 1:00:06]} 14. Nd2 {[%clk 1:17:21]} Nd7 {[%clk 0:58:13]} 15. Nc4
{[%clk 1:15:51]} Bc5 {[%clk 0:58:41]} 16. b3 {[%clk 1:07:36]} Be6
{[%clk 0:56:16]} 17. Ne3 {[%clk 1:04:43]} O-O {[%clk 0:51:42]} 18. Nf5
{[%clk 1:00:30]} g6 {[%clk 0:50:48]} 19. Ng3 {[%clk 0:55:45]} h5 {[%clk 0:49:26]}
20. Na4 {[%clk 0:54:43]} Be7 {[%clk 0:40:58]} 21. Bb2 {[%clk 0:51:46]} Rfc8
{[%clk 0:39:25]} 22. Rfd1 {[%clk 0:44:42]} c5 {[%clk 0:31:54]} 23. Nc3
{[%clk 0:43:25]} c4 {[%clk 0:30:21]} 24. bxc4 {[%clk 0:34:01]} Rxc4
{[%clk 0:29:03]} 25. Nd5 {[%clk 0:34:04]} Bf8 {[%clk 0:27:08]} 26. f3
{[%clk 0:24:18]} Bc5+ {[%clk 0:23:46]} 27. Kh1 {[%clk 0:23:49]} Rc8
{[%clk 0:21:36]} 28. Rac1 {[%clk 0:22:17]} Bf8 {[%clk 0:21:59]} 29. Nf1
{[%clk 0:19:26]} Rxc1 {[%clk 0:21:23]} 30. Rxc1 {[%clk 0:19:05]} Rb8
{[%clk 0:16:28]} 31. Rc2 {[%clk 0:17:59]} f6 {[%clk 0:11:06]} 32. Nfe3
{[%clk 0:17:22]} Bc5 {[%clk 0:09:48]} 33. Nc4 {[%clk 0:09:41]} h4
{[%clk 0:08:57]} 34. h3 {[%clk 0:08:47]} Rb5 {[%clk 0:04:38]} 35. Kh2
{[%clk 0:07:23]} Bxd5 {[%clk 0:03:28]} 36. exd5 {[%clk 0:07:51]} Bf8
{[%clk 0:03:50]} 37. Rd2 {[%clk 0:05:53]} Rc5 {[%clk 0:04:13]} 38. Ne3
{[%clk 0:04:20]} Bh6 {[%clk 0:04:18]} 39. Rd3 {[%clk 0:03:45]} Ra5
{[%clk 0:02:32]} 40. a3 {[%clk 0:01:36]} Bxe3 {[%clk 0:00:56]} 41. Rxe3
{[%clk 0:01:53]} Rxd5 {[%clk 0:00:57]} 42. Bc3 {[%clk 0:01:37]} g5
{[%clk 0:01:04]} 43. g3 {[%clk 0:01:30]} hxg3+ {[%clk 0:01:25]} 44. Kxg3
{[%clk 0:01:55]} Nb6 {[%clk 0:01:46]} 45. Be1 {[%clk 0:01:21]} Rd1
{[%clk 0:01:38]} 46. Bf2 {[%clk 0:01:10]} Nd5 {[%clk 0:00:38]} 47. Rb3
{[%clk 0:01:14]} a5 {[%clk 0:01:06]} 48. Rb5 {[%clk 0:00:54]} a4 {[%clk 0:00:52]}
49. Ra5 {[%clk 0:01:02]} Nc3 {[%clk 0:01:13]} 50. Kg4 {[%clk 0:00:52]} Rd3
{[%clk 0:01:10]} 51. Be1 {[%clk 0:00:49]} Nd5 {[%clk 0:00:55]} 52. Rxa4
{[%clk 0:00:58]} Kf7 {[%clk 0:01:23]} 53. Ra8 {[%clk 0:00:49]} Ne3+
{[%clk 0:01:27]} 54. Kg3 {[%clk 0:00:47]} Nc2 {[%clk 0:01:49]} 55. Bb4
{[%clk 0:00:33]} e4 {[%clk 0:01:58]} 56. Rc8 {[%clk 0:00:38]} Rxf3+
{[%clk 0:02:18]} 57. Kh2 {[%clk 0:00:45]} Nxa3 {[%clk 0:01:55]} 58. Rc1
{[%clk 0:00:33]} Rb3 {[%clk 0:01:38]} 59. Bd6 {[%clk 0:00:36]} Nb5
{[%clk 0:01:45]} 60. Bg3 {[%clk 0:00:12]} Rb2+ {[%clk 0:02:03]} 61. Kg1
{[%clk 0:01:02]} Nd4 {[%clk 0:02:19]} 62. Rc7+ {[%clk 0:01:09]} Kg6
{[%clk 0:02:42]} 63. Bf2 {[%clk 0:01:08]} Ne2+ {[%clk 0:02:53]} 64. Kf1
{[%clk 0:00:35]} Nf4 {[%clk 0:03:13]} 65. Bd4 {[%clk 0:00:34]} Rb1+
{[%clk 0:03:30]} 66. Kf2 {[%clk 0:00:49]} Ne6 {[%clk 0:03:45]} 67. Rc4
{[%clk 0:00:43]} Nxd4 {[%clk 0:04:09]} 68. Rxd4 {[%clk 0:01:03]} Kf5
{[%clk 0:04:35]} 69. Rd6 {[%clk 0:00:44]} Ke5 {[%clk 0:04:53]} 70. Ra6
{[%clk 0:01:00]} f5 {[%clk 0:05:15]} 71. Ra2 {[%clk 0:01:00]} Rb3
{[%clk 0:05:23]} 72. Kg2 {[%clk 0:01:18]} Rd3 {[%clk 0:05:45]} 73. Rb2
{[%clk 0:01:11]} f4 {[%clk 0:05:22]} 74. Rb5+ {[%clk 0:01:17]} Rd5
{[%clk 0:05:44]} 75. Rb4 {[%clk 0:01:03]} Kf5 {[%clk 0:06:00]} 76. Rb2
{[%clk 0:00:55]} g4 {[%clk 0:06:13]} 77. hxg4+ {[%clk 0:01:00]} Kxg4
{[%clk 0:06:37]} 78. Kf2 {[%clk 0:00:35]} e3+ {[%clk 0:06:57]} 79. Kf1
{[%clk 0

[Event "13th Khazar International Open Chess Tournament - "]
[Site "Rasht, Iran"]
[Date "2015.02.12"]
[Round "2"]
[Board "1"]
[White "Mousavi, Seyed Khalil"]
[Black "Tarlev, Konstantin"]
[Result "1/2-1/2"]
[WhiteElo "2285"]
[BlackElo "2557"]
[PlyCount "0"]
[EventDate "2015.02.11"]
[EventRounds "9"]
[EventCountry "IRI"]

1. d4 {[%clk 1:30:08]} Nf6 {[%clk 1:30:40]} 2. c4 {[%clk 1:29:41]} e6
{[%clk 1:31:06]} 3. Nf3 {[%clk 1:29:56]} d5 {[%clk 1:29:54]} 4. e3
{[%clk 1:29:59]} c5 {[%clk 1:29:11]} 5. Nc3 {[%clk 1:29:31]} Nc6 {[%clk 1:29:36]}
6. a3 {[%clk 1:29:39]} cxd4 {[%clk 1:29:31]} 7. exd4 {[%clk 1:30:02]} Be7
{[%clk 1:29:56]} 8. Bd3 {[%clk 1:29:03]} dxc4 {[%clk 1:29:58]} 9. Bxc4
{[%clk 1:29:27]} O-O {[%clk 1:29:52]} 10. O-O {[%clk 1:28:47]} Bd7
{[%clk 1:15:55]} 11. Bg5 {[%clk 1:16:38]} Rc8 {[%clk 1:15:36]} 12. Rc1
{[%clk 1:10:53]} h6 {[%clk 1:03:30]} 13. Bf4 {[%clk 1:05:21]} Nb4
{[%clk 0:50:28]} 14. Ne5 {[%clk 0:50:25]} Nbd5 {[%clk 0:49:25]} 15. Nxd5
{[%clk 0:45:15]} Nxd5 {[%clk 0:49:15]} 16. Bxd5 {[%clk 0:33:24]} Rxc1
{[%clk 0:48:17]} 17. Qxc1 {[%clk 0:32:33]} exd5 {[%clk 0:48:42]} 18. Qc2
{[%clk 0:21:46]} Be6 {[%clk 0:33:53]} 19. Qb3 {[%clk 0:18:21]} Qb6
{[%clk 0:34:03]} 20. Qxb6 {[%clk 0:17:12]} axb6 {[%clk 0:34:29]} 21. Rc1
{[%clk 0:17:14]} g5 {[%clk 0:32:19]} 22. Bd2 {[%clk 0:15:39]} Rc8
{[%clk 0:32:34]} 23. Rxc8+ {[%clk 0:15:38]} Bxc8 {[%clk 0:33:01]} 24. Bb4
{[%clk 0:14:14]} Bd8 {[%clk 0:33:27]} 25. f3 {[%clk 0:12:20]} h5 {[%clk 0:31:59]}
26. Kf2 {[%clk 0:11:00]} f6 {[%clk 0:32:20]} 27. Nd3 {[%clk 0:11:26]} Kf7
{[%clk 0:30:40]} 28. Bd6 {[%clk 0:10:43]} Ke6 {[%clk 0:30:00]} 29. Bb8
{[%clk 0:11:09]} Bd7 {[%clk 0:30:23]} 30. Ke3 {[%clk 0:08:16]} Bb5
{[%clk 0:30:06]} 31. Kd2 {[%clk 0:05:12]} Be8 {[%clk 0:30:30]} 32. Ke3
{[%clk 0:04:40]} Bg6 {[%clk 0:28:02]} 33. Bg3 {[%clk 0:04:58]} Kd7
{[%clk 0:26:37]} 34. Be1 {[%clk 0:04:58]} Bf7 {[%clk 0:24:50]} 35. Bg3
{[%clk 0:03:21]} Be7 {[%clk 0:25:13]} 36. Be1 {[%clk 0:03:44]} Bd6
{[%clk 0:23:19]} 37. Bg3 {[%clk 0:04:07]} Bf8 {[%clk 0:23:46]} 38. Be1
{[%clk 0:04:31]} Be7 {[%clk 0:21:28]} 39. Bb4 {[%clk 0:04:50]} Bd8
{[%clk 0:21:54]} 40. Be1 {[%clk 0:04:35]} Ke6 {[%clk 0:21:45]} 41. Bg3
{[%clk 0:04:37]} Kf5 {[%clk 0:21:43]} 42. Bd6 {[%clk 0:05:00]} Be8
{[%clk 0:22:04]} 43. Bg3 {[%clk 0:04:12]} Bb5 {[%clk 0:21:50]} 44. Bb8
{[%clk 0:03:12]} Bc4 {[%clk 0:22:05]} 45. Bd6 {[%clk 0:03:10]} Ke6
{[%clk 0:21:50]} 46. Bg3 {[%clk 0:03:06]} Kd7 {[%clk 0:19:25]} 47. Kd2
{[%clk 0:02:52]} Be7 {[%clk 0:18:44]} 48. Be1 {[%clk 0:01:53]} h4
{[%clk 0:15:55]} 49. g3 {[%clk 0:01:25]} h3 {[%clk 0:16:15]} 50. Nf2
{[%clk 0:00:34]} Bf1 {[%clk 0:16:23]} 51. Ng4 {[%clk 0:00:36]} Ke6
{[%clk 0:16:22]} 52. Ke3 {[%clk 0:00:37]} Bb5 {[%clk 0:15:33]} 53. Bb4
{[%clk 0:00:54]} Bd8 {[%clk 0:15:55]} 54. Nf2 {[%clk 0:00:37]} Bf1
{[%clk 0:16:21]} 55. Bf8 {[%clk 0:00:36]} Bc7 {[%clk 0:11:45]} 56. Ng4
{[%clk 0:01:01]} Kf7 {[%clk 0:11:43]} 57. Bb4 {[%clk 0:01:23]} Bb5
{[%clk 0:11:35]} 58. Nf2 {[%clk 0:00:46]} Bf1 {[%clk 0:11:10]} 59. Ng4
{[%clk 0:01:10]} Bb8 {[%clk 0:09:35]} 60. Nh6+ {[%clk 0:00:53]} Ke6
{[%clk 0:09:24]} 61. Ng4 {[%clk 0:01:16]} Bc7 {[%clk 0:08:30]} 62. Bf8
{[%clk 0:01:39]} Kf7 {[%clk 0:07:19]} 63. Bb4 {[%clk 0:02:04]} Bb5
{[%clk 0:07:47]} 64. Nf2 {[%clk 0:02:23]} Bd7 {[%clk 0:08:15]} 65. Ke2
{[%clk 0:01:45]} Kg6 {[%clk 0:07:54]} 66. Ke3 {[%clk 0:02:05]} Kf7
{[%clk 0:04:45]} 67. Ke2 {[%clk 0:02:12]} Be6 68. Kf1 Ke8 69. Kg1 Kf7 70. Kf1 Ke8
71. Kg1 Kd7 72. Bd2 Kc6 73. g4 Kb5 1/2-1/2

[Event "13th Khazar International Open Chess Tournament - "]
[Site "Rasht, Iran"]
[Date "2015.02.12"]
[Round "2"]
[Board "2"]
[White "Mirzoev, Azer"]
[Black "Faghirnavaz, Ali"]
[Result "1-0"]
[WhiteElo "2556"]
[BlackElo "2282"]
[PlyCount "0"]
[EventDate "2015.02.11"]
[EventRounds "9"]
[EventCountry "IRI"]

1. d4 {[%clk 1:30:56]} Nf6 {[%clk 1:28:32]} 2. Nf3 {[%clk 1:31:20]} c5
{[%clk 1:28:19]} 3. d5 {[%clk 1:31:37]} e6 {[%clk 1:28:42]} 4. Nc3
{[%clk 1:32:01]} Nxd5 {[%clk 1:26:22]} 5. Nxd5 {[%clk 1:32:17]} exd5
{[%clk 1:26:49]} 6. Qxd5 {[%clk 1:32:39]} Nc6 {[%clk 1:27:15]} 7. e4
{[%clk 1:32:03]} d6 {[%clk 1:23:14]} 8. Ng5 {[%clk 1:22:19]} Qc7 {[%clk 0:53:45]}
9. Bc4 {[%clk 1:16:36]} Ne5 {[%clk 0:43:28]} 10. Bb5+ {[%clk 1:15:39]} Bd7
{[%clk 0:43:46]} 11. Bxd7+ {[%clk 1:15:44]} Qxd7 {[%clk 0:44:10]} 12. Bf4
{[%clk 1:14:03]} Ng4 {[%clk 0:38:41]} 13. O-O {[%clk 1:10:14]} h6
{[%clk 0:37:20]} 14. Nf3 {[%clk 1:09:03]} O-O-O {[%clk 0:36:28]} 15. Rfe1
{[%clk 1:07:45]} Nf6 {[%clk 0:22:21]} 16. Qb3 {[%clk 1:05:39]} Qe6
{[%clk 0:04:56]} 17. Qa4 {[%clk 1:02:15]} a6 {[%clk 0:04:56]} 18. Bg3
{[%clk 0:44:53]} Qe8 {[%clk 0:01:15]} 19. Qc4 {[%clk 0:45:00]} Qe6
{[%clk 0:01:03]} 20. Qxe6+ {[%clk 0:42:37]} fxe6 {[%clk 0:01:32]} 21. e5
{[%clk 0:43:01]} Nh5 {[%clk 0:00:44]} 22. exd6 {[%clk 0:43:25]} Nxg3
{[%clk 0:00:58]} 23. hxg3 {[%clk 0:43:52]} Rxd6 {[%clk 0:01:14]} 24. Ne5
{[%clk 0:43:48]} Rg8 {[%clk 0:00:53]} 25. Nc4 {[%clk 0:41:17]} Rc6
{[%clk 0:00:53]} 26. a4 {[%clk 0:40:14]} Be7 {[%clk 0:00:37]} 27. c3
{[%clk 0:39:31]} Bf6 {[%clk 0:00:33]} 28. a5 {[%clk 0:39:39]} Kc7
{[%clk 0:00:33]} 29. g4 {[%clk 0:39:58]} Rf8 {[%clk 0:00:33]} 30. g3
{[%clk 0:40:23]} Rd8 {[%clk 0:00:34]} 31. Kg2 {[%clk 0:40:43]} Rd5
{[%clk 0:00:33]} 32. Re4 {[%clk 0:38:28]} Rd8 {[%clk 0:00:33]} 33. Rae1
{[%clk 0:37:57]} Re8 {[%clk 0:00:36]} 34. R1e3 {[%clk 0:37:10]} Kd8
{[%clk 0:00:33]} 35. Kf1 {[%clk 0:37:05]} Ke7 {[%clk 0:00:32]} 36. Ke2
{[%clk 0:37:19]} Rd8 {[%clk 0:00:31]} 37. f4 {[%clk 0:37:36]} Re8
{[%clk 0:00:36]} 38. Rf3 {[%clk 0:37:06]} Kd8 {[%clk 0:00:47]} 39. g5
{[%clk 0:33:45]} Be7 {[%clk 0:00:33]} 40. gxh6 {[%clk 0:32:48]} gxh6
{[%clk 0:01:01]} 41. Rd3+ {[%clk 0:33:06]} Kc7 {[%clk 0:01:07]} 42. Rd1
{[%clk 0:32:39]} Bf6 {[%clk 0:00:32]} 43. Rh1 {[%clk 0:32:35]} Bg7
{[%clk 0:00:55]} 44. Rh4 {[%clk 0:32:39]} Re7 {[%clk 0:00:38]} 45. Rg4
{[%clk 0:31:14]} Kd8 {[%clk 0:00:44]} 46. Kf3 {[%clk 0:29:32]} Ke8
{[%clk 0:00:43]} 47. Re1 {[%clk 0:28:49]} Rcc7 {[%clk 0:00:33]} 48. Rh4
{[%clk 0:27:57]} Rcd7 {[%clk 0:00:43]} 49. Rh5 {[%clk 0:26:02]} Rc7
{[%clk 0:00:34]} 50. Nd6+ {[%clk 0:24:08]} Kf8 {[%clk 0:00:36]} 51. Ne4
{[%clk 0:24:34]} c4 {[%clk 0:00:37]} 52. Rd1 {[%clk 0:23:28]} Kf7
{[%clk 0:00:33]} 53. Rd8 {[%clk 0:23:31]} Red7 {[%clk 0:00:35]} 54. Rxd7+
{[%clk 0:23:03]} Rxd7 {[%clk 0:01:04]} 55. Rc5 {[%clk 0:23:22]} Rd5
{[%clk 0:00:51]} 56. Rxc4 {[%clk 0:23:10]} Rxa5 {[%clk 0:01:10]} 57. Rc7+
{[%clk 0:23:37]} Kf8 {[%clk 0:00:38]} 58. Rxb7 {[%clk 0:23:58]} 1-0

[Event "13th Khazar International Open Chess Tournament - "]
[Site "Rasht, Iran"]
[Date "2015.02.12"]
[Round "2"]
[Board "3"]
[White "Khademi, Mohammad Miran"]
[Black "Ghaem Maghami, Ehsan"]
[Result "1/2-1/2"]
[WhiteElo "2276"]
[BlackElo "2554"]
[PlyCount "0"]
[EventDate "2015.02.11"]
[EventRounds "9"]
[EventCountry "IRI"]

1. e4 c5 {[%clk 1:29:06]} 2. Nc3 {[%clk 1:09:09]} Nc6 {[%clk 1:23:15]} 3. Bb5
{[%clk 1:09:21]} Nd4 {[%clk 1:21:09]} 4. Bc4 {[%clk 1:07:33]} e6 {[%clk 1:16:19]}
5. Nge2 {[%clk 1:06:04]} Nf6 {[%clk 1:15:56]} 6. e5 {[%clk 1:04:41]} d5
{[%clk 1:16:05]} 7. Nxd4 {[%clk 1:02:19]} cxd4 {[%clk 1:04:42]} 8. Bb5+
{[%clk 0:59:23]} Nd7 {[%clk 1:03:43]} 9. Ne2 {[%clk 0:59:34]} Qb6
{[%clk 0:48:25]} 10. a4 {[%clk 0:54:49]} a6 {[%clk 0:44:54]} 11. Bxd7+
{[%clk 0:50:17]} Bxd7 {[%clk 0:45:10]} 12. b3 {[%clk 0:48:56]} Rc8
{[%clk 0:32:11]} 13. Bb2 {[%clk 0:46:48]} Bc5 {[%clk 0:30:49]} 14. Nf4
{[%clk 0:45:04]} O-O {[%clk 0:29:10]} 15. Qg4 {[%clk 0:39:47]} Qc7
{[%clk 0:27:34]} 16. O-O {[%clk 0:12:15]} Qxe5 {[%clk 0:23:40]} 17. Nd3
{[%clk 0:10:54]} Qe4 {[%clk 0:23:43]} 18. Qxe4 {[%clk 0:09:35]} dxe4
{[%clk 0:24:03]} 19. Nxc5 {[%clk 0:10:03]} Rxc5 {[%clk 0:24:24]} 20. Bxd4
{[%clk 0:09:41]} Rxc2 {[%clk 0:24:39]} 21. Bc3 {[%clk 0:10:07]} Bc6
{[%clk 0:24:11]} 22. b4 {[%clk 0:08:17]} Rd8 {[%clk 0:15:55]} 23. Rfb1
{[%clk 0:06:59]} b5 {[%clk 0:15:17]} 24. axb5 {[%clk 0:06:10]} Bxb5
{[%clk 0:15:11]} 25. Re1 {[%clk 0:06:29]} Bd3 {[%clk 0:14:47]} 26. Ra5
{[%clk 0:06:08]} f6 {[%clk 0:10:58]} 27. f3 {[%clk 0:03:32]} exf3
{[%clk 0:10:16]} 28. gxf3 {[%clk 0:03:58]} e5 {[%clk 0:09:14]} 29. Rc5
{[%clk 0:04:14]} Rd7 {[%clk 0:07:47]} 30. Ra1 {[%clk 0:02:24]} Bb5
{[%clk 0:06:55]} 31. Kf2 {[%clk 0:00:43]} Rd3 {[%clk 0:05:23]} 32. h4
{[%clk 0:00:33]} h5 {[%clk 0:01:47]} 33. Rg1 {[%clk 0:00:50]} Rd7
{[%clk 0:01:25]} 34. Kg3 {[%clk 0:00:34]} Kf7 {[%clk 0:01:04]} 35. Re1
{[%clk 0:00:53]} Kg6 {[%clk 0:00:43]} 36. Rd1 {[%clk 0:00:44]} Rd3
{[%clk 0:00:39]} 37. Kf2 {[%clk 0:01:02]} Kf5 {[%clk 0:00:54]} 38. Rc7
{[%clk 0:01:13]} g6 {[%clk 0:00:48]} 39. Rc5 {[%clk 0:01:15]} Kf4
{[%clk 0:00:52]} 40. Bxe5+ {[%clk 0:00:38]} fxe5 {[%clk 0:00:58]} 41. Rxc2
{[%clk 0:01:04]} Rxf3+ {[%clk 0:01:10]} 42. Kg2 {[%clk 0:01:26]} Rb3
{[%clk 0:00:38]} 43. d4 {[%clk 0:01:36]} e4 {[%clk 0:00:35]} 44. d5
{[%clk 0:01:54]} e3 {[%clk 0:00:41]} 45. d6 {[%clk 0:02:15]} e2 {[%clk 0:00:51]}
46. Rxe2 {[%clk 0:00:50]} Bxe2 {[%clk 0:01:19]} 47. Rd4+ {[%clk 0:01:13]} Ke3
{[%clk 0:00:50]} 48. d7 {[%clk 0:01:29]} Bf3+ {[%clk 0:00:53]} 49. Kg3
{[%clk 0:01:43]} Kxd4 {[%clk 0:01:14]} 50. d8=Q+ {[%clk 0:01:56]} Bd5+
{[%clk 0:01:37]} 51. Kf4 {[%clk 0:02:19]} Rxb4 {[%clk 0:01:35]} 52. Qa5
{[%clk 0:02:23]} Kc3+ {[%clk 0:00:35]} 53. Kg5 {[%clk 0:02:01]} Be4
{[%clk 0:00:32]} 54. Qxa6 {[%clk 0:02:11]} Bf5 {[%clk 0:00:46]} 55. Qa3+
{[%clk 0:02:24]} Kc4 {[%clk 0:01:09]} 56. Kf6 {[%clk 0:02:18]} Rb6+
{[%clk 0:01:11]} 57. Kg5 {[%clk 0:02:20]} Re6 {[%clk 0:01:18]} 58. Qa4+
{[%clk 0:02:24]} Kd3 {[%clk 0:01:35]} 59. Qb3+ {[%clk 0:02:46]} Ke2
{[%clk 0:01:51]} 60. Qc4+ {[%clk 0:02:54]} Kd2 {[%clk 0:01:19]} 61. Qd4+
{[%clk 0:03:16]} Bd3 {[%clk 0:01:26]} 62. Qb4+ {[%clk 0:03:14]} Ke2
{[%clk 0:01:27]} 63. Qb2+ {[%clk 0:03:15]} Ke3 {[%clk 0:01:16]} 64. Qc1+
{[%clk 0:03:07]} Ke2 {[%clk 0:01:28]} 65. Qb2+ {[%clk 0:03:09]} Ke3
{[%clk 0:00:54]} 66. Qc1+ {[%clk 0:03:33]} Ke2 {[%clk 0:01:01]} 67. Qb2+
{[%clk 0:03:56]} Ke3 {[%clk 0:00:35]} 1/2-1/2

[Event "13th Khazar International Open Chess Tournament - "]
[Site "Rasht, Iran"]
[Date "2015.02.12"]
[Round "2"]
[Board "4"]
[White "Stopa, Jacek"]
[Black "Kazimova, Narmin"]
[Result "1-0"]
[WhiteElo "2540"]
[BlackElo "2275"]
[PlyCount "0"]
[EventDate "2015.02.11"]
[EventRounds "9"]
[EventCountry "IRI"]

1. d4 {[%clk 1:30:58]} e6 {[%clk 1:26:35]} 2. e4 {[%clk 1:31:16]} c5
{[%clk 1:26:07]} 3. d5 {[%clk 1:30:00]} exd5 {[%clk 1:22:57]} 4. exd5
{[%clk 1:30:22]} Nf6 {[%clk 1:22:21]} 5. Nc3 {[%clk 1:27:36]} Bd6
{[%clk 1:19:05]} 6. Qe2+ {[%clk 1:21:50]} Qe7 {[%clk 1:01:47]} 7. Nb5
{[%clk 1:20:28]} Kd8 {[%clk 0:45:06]} 8. Qxe7+ Bxe7 {[%clk 0:45:35]} 9. d6
{[%clk 1:15:53]} Bf8 {[%clk 0:46:05]} 10. Nf3 {[%clk 1:03:13]} a6
{[%clk 0:20:03]} 11. Nc7 {[%clk 1:00:53]} Ra7 {[%clk 0:15:17]} 12. Bf4
{[%clk 0:54:19]} Ne4 {[%clk 0:15:04]} 13. Ne5 {[%clk 0:43:31]} Nxd6
{[%clk 0:15:01]} 14. O-O-O {[%clk 0:43:51]} Nc6 {[%clk 0:01:00]} 15. Rxd6
{[%clk 0:41:00]} Nxe5 {[%clk 0:01:08]} 16. Bxe5 {[%clk 0:41:19]} Bxd6
{[%clk 0:00:34]} 17. Bxd6 {[%clk 0:41:43]} b6 {[%clk 0:00:32]} 18. Nd5
{[%clk 0:42:05]} Re8 {[%clk 0:00:32]} 19. Nxb6 {[%clk 0:41:59]} Bb7
{[%clk 0:00:32]} 20. Bb8 {[%clk 0:38:55]} Ra8 {[%clk 0:00:31]} 21. Nxa8
{[%clk 0:39:11]} Bxa8 {[%clk 0:00:31]} 22. Bxa6 {[%clk 0:39:13]} Bxg2
{[%clk 0:00:45]} 23. Rg1 {[%clk 0:39:27]} 1-0

[Event "13th Khazar International Open Chess Tournament - "]
[Site "Rasht, Iran"]
[Date "2015.02.12"]
[Round "2"]
[Board "5"]
[White "Soozankar, A.M."]
[Black "Papin, Vasily"]
[Result "0-1"]
[WhiteElo "2258"]
[BlackElo "2515"]
[PlyCount "0"]
[EventDate "2015.02.11"]
[EventRounds "9"]
[EventCountry "IRI"]

1. d4 {[%clk 1:30:53]} Nf6 {[%clk 1:30:45]} 2. Nc3 {[%clk 1:31:18]} d5
{[%clk 1:30:47]} 3. Nf3 {[%clk 1:31:43]} e6 {[%clk 1:30:36]} 4. Bf4
{[%clk 1:32:04]} c5 {[%clk 1:30:51]} 5. dxc5 {[%clk 1:29:59]} Bxc5
{[%clk 1:30:39]} 6. e4 {[%clk 1:27:32]} Bb4 {[%clk 1:23:35]} 7. exd5
{[%clk 1:23:11]} Nxd5 {[%clk 1:23:06]} 8. Bd2 {[%clk 1:21:50]} Nxc3
{[%clk 1:22:43]} 9. bxc3 {[%clk 1:22:02]} Be7 {[%clk 1:18:57]} 10. Bd3
{[%clk 1:21:23]} Nd7 {[%clk 1:18:00]} 11. O-O {[%clk 1:20:00]} Nc5
{[%clk 1:16:58]} 12. Be3 {[%clk 1:18:30]} O-O {[%clk 1:13:55]} 13. Ne5
{[%clk 1:17:15]} Nxd3 {[%clk 1:08:26]} 14. cxd3 {[%clk 1:17:28]} Qc7
{[%clk 1:08:31]} 15. Bd4 {[%clk 1:12:12]} f6 {[%clk 0:57:40]} 16. Nf3
{[%clk 1:06:36]} e5 {[%clk 0:58:02]} 17. Qb3+ {[%clk 1:07:00]} Kh8
{[%clk 0:58:28]} 18. Be3 {[%clk 1:07:24]} b6 {[%clk 0:58:54]} 19. a4
{[%clk 1:04:12]} Bb7 {[%clk 0:58:26]} 20. a5 {[%clk 1:04:39]} bxa5
{[%clk 0:57:50]} 21. Nd2 {[%clk 1:02:58]} Bc6 {[%clk 0:56:09]} 22. d4
{[%clk 0:58:37]} exd4 {[%clk 0:48:34]} 23. cxd4 {[%clk 0:57:56]} Bb4
{[%clk 0:48:46]} 24. Rfc1 {[%clk 0:36:17]} Qd7 {[%clk 0:48:30]} 25. Nf1
{[%clk 0:36:33]} Qb7 {[%clk 0:40:28]} 26. f3 {[%clk 0:35:56]} a4 {[%clk 0:40:08]}
27. Qc4 {[%clk 0:27:47]} Rfc8 {[%clk 0:37:33]} 28. Qd3 {[%clk 0:25:19]} a5
{[%clk 0:35:55]} 29. d5 {[%clk 0:25:01]} Bxd5 {[%clk 0:17:15]} 30. Rxa4
{[%clk 0:23:49]} Rxc1 {[%clk 0:17:29]} 31. Bxc1 {[%clk 0:24:16]} Rc8
{[%clk 0:17:37]} 32. Bd2 {[%clk 0:23:36]} Bc4 {[%clk 0:17:15]} 33. Qe4
{[%clk 0:23:21]} Qd7 {[%clk 0:08:53]} 34. Rxb4 {[%clk 0:16:19]} axb4
{[%clk 0:09:18]} 35. Bxb4 {[%clk 0:16:44]} Qb5 {[%clk 0:09:36]} 36. Qg4
{[%clk 0:17:07]} f5 {[%clk 0:09:50]} 0-1